[Event "SLO-chT 28th"]
[Site "Slovenia"]
[Date "2018.11.10"]
[Round "5.5"]
[White "Gostisa, Leon F"]
[Black "Kozul, Zdenko"]
[Result "0-1"]
[WhiteElo "2427"]
[BlackElo "2612"]
[PlyCount "60"]
[EventDate "2018.11.02"]
[EventType "team-tourn"]
[EventRounds "9"]
[EventCountry "SLO"]
[SourceTitle "CBM 187 Extra"]
[Source "ChessBase"]
[SourceDate "2018.11.04"]
[SourceVersion "1"]
[SourceVersionDate "2018.11.04"]
[SourceQuality "1"]
[WhiteTeam "Vrhnika"]
[BlackTeam "Maribor"]
[WhiteTeamCountry "SLO"]
[BlackTeamCountry "SLO"]

1. d4 Nf6 2. Nf3 d6 3. Bg5 Nbd7 4. e3 h6 5. Bh4 g5 6. Bg3 Nh5 7. Bd3 Bg7 8. c3 e6 9. Nbd2 a6 10. 0-0 Nxg3 11. fxg3 c5 12. Qe2 Qe7 13. Rf2 0-0 14. g4 f5 15. gxf5 exf5 16. Raf1 Nf6 17. Ne1 Ng4 18. Rf3 cxd4 19. exd4 Qxe2 20. Bxe2 b5 21. Bd1 f4 22. Bb3+ Kh8 23. Bd5 Rb8 24. Nc2 Nf6 25. Bb3 a5 26. Re1 Bf5 27. Na3 d5 28. Re5 Ne4 29. Rd3 Bxe5 30. dxe5 b4 0-1

[Event "SLO-chT 28th"]
[Site "Slovenia"]
[Date "2018.11.02"]
[Round "1.3"]
[White "Pavasovic, Dusko"]
[Black "Gostisa, Leon F"]
[Result "1-0"]
[WhiteElo "2540"]
[BlackElo "2427"]
[PlyCount "79"]
[EventDate "2018.11.02"]
[EventType "team-tourn"]
[EventRounds "9"]
[EventCountry "SLO"]
[SourceTitle "CBM 187 Extra"]
[Source "ChessBase"]
[SourceDate "2018.11.04"]
[SourceVersion "1"]
[SourceVersionDate "2018.11.04"]
[SourceQuality "1"]
[WhiteTeam "Ljubljana"]
[BlackTeam "Vrhnika"]
[WhiteTeamCountry "SLO"]
[BlackTeamCountry "SLO"]

1. e4 e5 2. Nf3 Nc6 3. Bc4 Bc5 4. 0-0 d6 5. c3 Qe7 6. a4 a6 7. d3 Nf6 8. Na3 0-0 9. b4 Ba7 10. Be3 Be6 11. Bxa7 Rxa7 12. Re1 Raa8 13. Rb1 Qd7 14. Bxe6 Qxe6 15. Nc4 b5 16. Ne3 Ne7 17. c4 c6 18. a5 Rab8 19. Ng5 Qd7 20. d4 Rfd8 21. cxb5 cxb5 22. dxe5 dxe5 23. Qb3 Nc6 24. Nf5 h6 25. Rbd1 Qb7 26. Nf3 Rxd1 27. Qxd1 Rd8 28. Qa1 Nxb4 29. Qxe5 Nd3 30. Qg3 Nh5 31. Qh4 Rd7 32. Re3 Nhf4 33. Qg4 Ng6 34. h4 Qc7 35. h5 Qc1+ 36. Kh2 Qh1+ 37. Kg3 Ndf4 38. N3h4 Nxh5+ 39. Qxh5 Ne5 40. Nxh6+ 1-0

[Event "Ljubljana-chT 71st"]
[Site "Ljubljana"]
[Date "2018.02.15"]
[Round "4.1"]
[White "Gostisa, Leon F"]
[Black "Janzelj, Tim"]
[Result "1-0"]
[WhiteElo "2422"]
[BlackElo "2440"]
[PlyCount "105"]
[EventDate "2018.01.11"]
[EventType "team-tourn"]
[EventRounds "9"]
[EventCountry "SLO"]
[SourceTitle "EXT 2020"]
[Source "ChessBase"]
[SourceDate "2019.10.17"]
[SourceVersion "1"]
[SourceVersionDate "2019.10.17"]
[SourceQuality "1"]
[WhiteTeam "Vrhnika"]
[BlackTeam "Ig"]
[WhiteTeamCountry "SLO"]
[BlackTeamCountry "SLO"]

1. d4 Nf6 2. c4 e6 3. Nf3 d5 4. Nc3 Bb4 5. Bg5 h6 6. Bxf6 Qxf6 7. Qb3 Nc6 8. e3 dxc4 9. Bxc4 0-0 10. 0-0 Qe7 11. Qc2 Ba5 12. Rac1 e5 13. Nd5 Qd6 14. b4 Nxb4 15. dxe5 Qxd5 16. Bxd5 Nxc2 17. Rxc2 c6 18. Be4 Bc7 19. Rfc1 Rd8 20. h3 Kf8 21. Rc5 Bb6 22. R5c2 Ke7 23. Nd2 Be6 24. Kf1 Rd7 25. Ke2 Rad8 26. f4 f5 27. exf6+ Kxf6 28. Nf1 Re7 29. Bf3 Bf5 30. Rd2 Rxd2+ 31. Kxd2 Rd7+ 32. Ke1 Rd3 33. e4 Be6 34. a4 Ra3 35. Bd1 Ra2 36. Bc2 Ke7 37. Kd1 Ra3 38. Rb1 Bc4 39. Nd2 Ba6 40. Rb3 Ra1+ 41. Rb1 Rxb1+ 42. Bxb1 Be3 43. g3 Bf2 44. g4 Bg3 45. f5 Kd6 46. Nf3 Bf1 47. h4 Bh3 48. g5 Bg4 49. Ke2 Bxh4 50. f6 gxf6 51. gxh6 f5 52. e5+ Ke7 53. h7 1-0

[Event "SLO-chT 27th"]
[Site "Slovenia"]
[Date "2017.12.10"]
[Round "9.1"]
[White "Markus, Robert"]
[Black "Gostisa, Leon F"]
[Result "1-0"]
[WhiteElo "2650"]
[BlackElo "2423"]
[PlyCount "105"]
[EventDate "2017.09.29"]
[EventType "team-tourn"]
[EventRounds "9"]
[EventCountry "SLO"]
[SourceTitle "EXT 2019"]
[Source "ChessBase"]
[SourceDate "2018.10.10"]
[SourceVersion "1"]
[SourceVersionDate "2018.10.10"]
[SourceQuality "1"]
[WhiteTeam "Ljubljana Duol"]
[BlackTeam "Vrhnika"]
[WhiteTeamCountry "SLO"]
[BlackTeamCountry "SLO"]

1. d4 Nf6 2. c4 e6 3. Nf3 Bb4+ 4. Nbd2 d5 5. Qa4+ Nc6 6. a3 Be7 7. e3 0-0 8. Qc2 a5 9. b3 Nb8 10. Bb2 b6 11. Bd3 Bb7 12. 0-0 Nbd7 13. Ne5 c5 14. cxd5 exd5 15. Nxd7 Qxd7 16. dxc5 bxc5 17. Bxf6 Bxf6 18. Bxh7+ Kh8 19. Bf5 Qd6 20. Rad1 Be7 21. a4 Rfd8 22. Rfe1 g6 23. Bg4 Qb6 24. g3 Rab8 25. Bf3 Bf6 26. e4 dxe4 27. Bxe4 Bd4 28. Bxb7 Rxb7 29. Re2 Qb4 30. Rb1 Bf6 31. Nc4 Rd4 32. Re4 Kg7 33. Qe2 Rbd7 34. Qf3 Rd3 35. Re3 R3d5 36. Kg2 Bd4 37. Re4 Rf5 38. Rf4 Rxf4 39. Qxf4 Re7 40. Qf3 Re6 41. Rf1 Rf6 42. Qd3 Qb7+ 43. f3 Qb4 44. f4 Re6 45. Qf3 f5 46. h4 Re1 47. h5 Rxf1 48. Kxf1 Bc3 49. Qc6 gxh5 50. Qd7+ Kg8 51. Qd5+ Kh8 52. Nd6 Bd4 53. Nf7+ 1-0

[Event "SLO-chT Central 18th"]
[Site "Slovenia"]
[Date "2017.10.05"]
[Round "4.1"]
[White "Gostisa, Leon F"]
[Black "Krumpak, Hinko"]
[Result "1-0"]
[WhiteElo "2423"]
[BlackElo "2112"]
[PlyCount "83"]
[EventDate "2017.09.14"]
[EventType "team-tourn"]
[EventRounds "7"]
[EventCountry "SLO"]
[SourceTitle "EXT 2019"]
[Source "ChessBase"]
[SourceDate "2018.10.10"]
[SourceVersion "1"]
[SourceVersionDate "2018.10.10"]
[SourceQuality "1"]
[WhiteTeam "Vrhnika"]
[BlackTeam "Visnja Gora Sticna"]
[WhiteTeamCountry "SLO"]
[BlackTeamCountry "SLO"]

1. d4 d6 2. c4 e5 3. Nf3 e4 4. Nfd2 f5 5. e3 Nf6 6. f3 c6 7. Nc3 d5 8. Be2 Be7 9. Qb3 Qb6 10. cxd5 Qxb3 11. Nxb3 cxd5 12. Nb5 Kd8 13. Bd2 Nc6 14. Rc1 Bd7 15. Nc5 Kc8 16. a4 b6 17. Nxd7 Kxd7 18. 0-0 a6 19. Nc3 Nb4 20. fxe4 fxe4 21. Be1 Bd6 22. Bh4 Raf8 23. Rf5 Ke6 24. Rcf1 h5 25. Rg5 Rh7 26. Rg6 Rf7 27. Bd1 Rh6 28. Rxh6 gxh6 29. h3 Nh7 30. Rxf7 Kxf7 31. Bxh5+ Ke6 32. Bg4+ Kf7 33. Bd8 Nf6 34. Bc8 b5 35. axb5 axb5 36. Nxb5 Bg3 37. Nc3 Nd3 38. Bxf6 Kxf6 39. Nxd5+ Kf7 40. b4 Ke8 41. b5 Kd8 42. Bf5 1-0

[Event "Ljubljana-chT 70th"]
[Site "Ljubljana"]
[Date "2017.02.09"]
[Round "4.1"]
[White "Gostisa, Leon F"]
[Black "Stajner, Samo"]
[Result "1-0"]
[WhiteElo "2410"]
[BlackElo "2421"]
[PlyCount "81"]
[EventDate "2017.01.12"]
[EventType "team-tourn"]
[EventRounds "9"]
[EventCountry "SLO"]
[SourceTitle "EXT 2019"]
[Source "ChessBase"]
[SourceDate "2018.10.10"]
[SourceVersion "1"]
[SourceVersionDate "2018.10.10"]
[SourceQuality "1"]
[WhiteTeam "Vrhnika"]
[BlackTeam "Komenda Popotnik"]
[WhiteTeamCountry "SLO"]
[BlackTeamCountry "SLO"]

1. d4 b6 2. c4 Bb7 3. Nc3 e6 4. Nf3 f5 5. g3 Nf6 6. Bg2 Bd6 7. 0-0 0-0 8. d5 Na6 9. Nd4 Qe7 10. Ndb5 Ne4 11. Nxe4 fxe4 12. Bxe4 Nc5 13. Nxd6 Qxd6 14. Bg2 exd5 15. cxd5 Rae8 16. Bf4 Rxf4 17. gxf4 Qxf4 18. e3 Qg5 19. f4 Qf5 20. Qd4 Ne4 21. Rad1 c5 22. dxc6 Bxc6 23. Rc1 Re6 24. Rxc6 dxc6 25. Qd8+ Qf8 26. Rd1 Qxd8 27. Rxd8+ Kf7 28. Rd7+ Kf6 29. Rxa7 Nc5 30. Rc7 Rxe3 31. Rxc6+ Kf5 32. Rxb6 Nd3 33. Rb3 Re1+ 34. Bf1 Nxf4 35. Kf2 Rc1 36. a4 g5 37. a5 Rc2+ 38. Kg1 Ke5 39. a6 Ne6 40. Re3+ Kd6 41. Rxe6+ 1-0

[Event "SLO-chT"]
[Site "Slovenia"]
[Date "2016.12.09"]
[Round "7.1"]
[White "Beliavsky, Alexander G"]
[Black "Gostisa, Leon F"]
[Result "1-0"]
[WhiteElo "2605"]
[BlackElo "2405"]
[PlyCount "75"]
[EventDate "2016.10.14"]
[EventType "team-tourn"]
[EventRounds "9"]
[EventCountry "SLO"]
[SourceTitle "EXT 2018"]
[Source "ChessBase"]
[SourceDate "2017.10.13"]
[SourceVersion "1"]
[SourceVersionDate "2017.10.13"]
[SourceQuality "1"]
[WhiteTeam "Ptuj"]
[BlackTeam "Vrhnika"]
[WhiteTeamCountry "SLO"]
[BlackTeamCountry "SLO"]

1. d4 Nf6 2. c4 e6 3. Nf3 b6 4. g3 Ba6 5. b3 b5 6. cxb5 Bxb5 7. Bg2 c5 8. Ba3 Na6 9. 0-0 Bc6 10. Nbd2 Be7 11. e4 0-0 12. Re1 d5 13. e5 Nd7 14. Rc1 Qa5 15. Nb1 Rfc8 16. dxc5 Bxc5 17. Bxc5 Naxc5 18. a3 Qb6 19. Nd4 a5 20. Nc3 Rab8 21. Rb1 Nf8 22. b4 axb4 23. axb4 Ncd7 24. Bf1 Ra8 25. Qd2 Qb8 26. f4 Nb6 27. Rec1 Bd7 28. Nd1 Qa7 29. Ne3 Rxc1 30. Rxc1 Rc8 31. Rc5 Ba4 32. Qc3 Qa8 33. Rxc8 Qxc8 34. Qxc8 Nxc8 35. Kf2 Nd7 36. Ke1 Kf8 37. Kd2 Ndb6 38. b5 1-0

[Event "SLO-chT Central Superliga 17th"]
[Site "Slovenia"]
[Date "2016.10.27"]
[Round "6.1"]
[White "Gostisa, Leon F"]
[Black "Jeran, Bostjan"]
[Result "1-0"]
[WhiteElo "2405"]
[BlackElo "2226"]
[PlyCount "89"]
[EventDate "2016.09.22"]
[EventType "team-tourn"]
[EventRounds "9"]
[EventCountry "SLO"]
[SourceTitle "EXT 2023"]
[Source "ChessBase"]
[SourceDate "2022.10.05"]
[SourceVersion "1"]
[SourceVersionDate "2022.10.05"]
[SourceQuality "1"]
[WhiteTeam "Vrhnika"]
[BlackTeam "Bor Dob"]
[WhiteTeamCountry "SLO"]
[BlackTeamCountry "SLO"]

1. d4 Nf6 2. Nf3 e6 3. g3 c5 4. Bg2 cxd4 5. 0-0 d5 6. Nxd4 e5 7. Nb3 Be6 8. Bg5 Nbd7 9. e4 dxe4 10. Nc3 Be7 11. Nxe4 Nxe4 12. Bxe7 Qxe7 13. Bxe4 Nf6 14. Bg2 0-0 15. Re1 Qc7 16. Qe2 Rac8 17. c3 Nd7 18. Rad1 Rfd8 19. Qe3 b6 20. Bd5 Bxd5 21. Rxd5 h6 22. h3 Re8 23. Nd2 Qc6 24. c4 Nf6 25. Rd3 Rcd8 26. b3 Rxd3 27. Qxd3 e4 28. Qc3 Qe6 29. Kg2 Qf5 30. Qd4 Qg6 31. Nf1 Qf5 32. Ne3 Qf3+ 33. Kg1 Qh5 34. h4 Qa5 35. Re2 Qh5 36. Qd1 Qg6 37. Rd2 Re6 38. Rd6 Rxd6 39. Qxd6 Kh7 40. b4 Ne8 41. Qb8 Qc6 42. Qxa7 Nd6 43. c5 bxc5 44. Qxc5 Qa6 45. a4 1-0

[Event "SLO-chT"]
[Site "Slovenia"]
[Date "2016.10.14"]
[Round "1"]
[White "Stajner, Samo"]
[Black "Gostisa, Leon F"]
[Result "1-0"]
[WhiteElo "2404"]
[BlackElo "2405"]
[PlyCount "105"]
[EventDate "2016.10.14"]
[EventType "team-tourn"]
[EventRounds "9"]
[EventCountry "SLO"]
[SourceTitle "EXT 2017"]
[Source "ChessBase"]
[SourceDate "2016.10.25"]
[SourceVersion "1"]
[SourceVersionDate "2016.10.25"]
[SourceQuality "1"]
[WhiteTeam "Krsko Triglav"]
[BlackTeam "Vrhnika"]
[WhiteTeamCountry "SLO"]
[BlackTeamCountry "SLO"]

1. d4 Nf6 2. c4 e6 3. g3 Bb4+ 4. Bd2 Qe7 5. Bg2 Nc6 6. Nf3 Bxd2+ 7. Nbxd2 d6 8. 0-0 0-0 9. Rc1 a5 10. c5 dxc5 11. dxc5 e5 12. Qc2 e4 13. Ng5 e3 14. Nde4 Nxe4 15. Nxe4 Nb4 16. Qb1 Bg4 17. f3 Bf5 18. a3 Nd5 19. Rc4 Rad8 20. Qc1 Bd7 21. Nc3 Bc6 22. Nxd5 Rxd5 23. Re4 Qxc5 24. Qxe3 Qxe3+ 25. Rxe3 Rd2 26. Rb1 Rfd8 27. f4 Bxg2 28. Kxg2 Rc2 29. b4 axb4 30. Rxb4 b6 31. Rd4 Rf8 32. Rd7 g6 33. Kf3 Rc4 34. Kg4 Kg7 35. Ree7 h5+ 36. Kg5 Rc5+ 37. Kh4 Ra5 38. Rxc7 Rxa3 39. Rb7 Rb3 40. e4 Rb2 41. h3 Rb4 42. g4 hxg4 43. hxg4 Rb5 44. e5 Rb4 45. Kg5 Rb5 46. f5 gxf5 47. gxf5 Rb1 48. e6 Rg1+ 49. Kf4 Rf1+ 50. Ke4 Re1+ 51. Kd3 Rd8+ 52. Rbd7 Rxd7+ 53. Rxd7 1-0

[Event "SLO-chT Central Superliga 17th"]
[Site "Slovenia"]
[Date "2016.10.06"]
[Round "3.1"]
[White "Gostisa, Leon F"]
[Black "Subelj, Jan"]
[Result "1-0"]
[WhiteElo "2405"]
[BlackElo "2122"]
[PlyCount "67"]
[EventDate "2016.09.22"]
[EventType "team-tourn"]
[EventRounds "9"]
[EventCountry "SLO"]
[SourceTitle "EXT 2023"]
[Source "ChessBase"]
[SourceDate "2022.10.05"]
[SourceVersion "1"]
[SourceVersionDate "2022.10.05"]
[SourceQuality "1"]
[WhiteTeam "Vrhnika"]
[BlackTeam "Komenda Pogi"]
[WhiteTeamCountry "SLO"]
[BlackTeamCountry "SLO"]

1. d4 Nf6 2. Nf3 e6 3. g3 b5 4. Bg2 Bb7 5. 0-0 Be7 6. b3 0-0 7. Bb2 d5 8. c4 bxc4 9. bxc4 dxc4 10. Nbd2 Bd5 11. Qc1 Nbd7 12. Nxc4 Qb8 13. Nce5 Qb7 14. Nxd7 Nxd7 15. Ba3 Bd6 16. Bxd6 cxd6 17. Qa3 Nb6 18. Qxd6 Nc4 19. Qf4 Rab8 20. Rfc1 f6 21. e4 e5 22. dxe5 fxe5 23. Qh4 Bf7 24. Bf1 h6 25. Rxc4 Bxc4 26. Bxc4+ Kh8 27. Nxe5 Rxf2 28. Kxf2 Qb2+ 29. Be2 Qxa1 30. Qf4 Rb6 31. Qf8+ Kh7 32. Qf5+ Kg8 33. Bc4+ Kh8 34. Qf8+ 1-0

[Event "Ljubljana-chT 69th Superliga"]
[Site "Ljubljana"]
[Date "2016.04.07"]
[Round "9.4"]
[White "Gostisa, Leon F"]
[Black "Osolin, Bojan"]
[Result "1/2-1/2"]
[WhiteElo "2412"]
[BlackElo "2122"]
[PlyCount "52"]
[EventDate "2016.01.14"]
[EventType "team-tourn"]
[EventRounds "9"]
[EventCountry "SLO"]
[SourceTitle "EXT 2022"]
[Source "ChessBase"]
[SourceDate "2021.10.06"]
[SourceVersion "1"]
[SourceVersionDate "2021.10.06"]
[SourceQuality "1"]
[WhiteTeam "Vrhnika"]
[BlackTeam "Domzale SD"]
[WhiteTeamCountry "SLO"]
[BlackTeamCountry "SLO"]

1. d4 d5 2. c4 e6 3. Nc3 Be7 4. Nf3 Nf6 5. Bg5 h6 6. Bh4 0-0 7. e3 b6 8. cxd5 Nxd5 9. Bxe7 Qxe7 10. Nxd5 exd5 11. Qb3 Be6 12. Rc1 Rc8 13. Be2 c5 14. Qa3 a5 15. dxc5 bxc5 16. 0-0 Qa7 17. Rc3 Nd7 18. Rfc1 Rab8 19. Nd4 Rb4 20. Rb3 Qb6 21. Rxb4 Qxb4 22. Qxb4 axb4 23. Bb5 Nb6 24. Nxe6 fxe6 25. a4 c4 26. Kf1 Ra8 1/2-1/2

[Event "Ljubljana-chT 69th Superliga"]
[Site "Ljubljana"]
[Date "2016.02.18"]
[Round "4.1"]
[White "Gantar, Jan"]
[Black "Gostisa, Leon F"]
[Result "0-1"]
[WhiteElo "2195"]
[BlackElo "2412"]
[PlyCount "114"]
[EventDate "2016.01.14"]
[EventType "team-tourn"]
[EventRounds "9"]
[EventCountry "SLO"]
[SourceTitle "EXT 2022"]
[Source "ChessBase"]
[SourceDate "2021.10.06"]
[SourceVersion "1"]
[SourceVersionDate "2021.10.06"]
[SourceQuality "1"]
[WhiteTeam "Komenda Popotnik"]
[BlackTeam "Vrhnika"]
[WhiteTeamCountry "SLO"]
[BlackTeamCountry "SLO"]

1. e4 c5 2. Nc3 e6 3. Nf3 Nf6 4. e5 Nd5 5. Nxd5 exd5 6. d4 d6 7. Bb5+ Nc6 8. 0-0 Be7 9. exd6 Qxd6 10. Bg5 0-0 11. dxc5 Qxc5 12. Bxe7 Nxe7 13. Bd3 h6 14. h3 Qb6 15. b3 Nc6 16. c3 Be6 17. Re1 Rfe8 18. Bc2 Qa6 19. Nd4 Bd7 20. Qd2 Rxe1+ 21. Rxe1 Re8 22. Rxe8+ Bxe8 23. Nf5 Qxa2 24. Nxh6+ Kf8 25. Nf5 Qa1+ 26. Kh2 Qa5 27. b4 Qd8 28. Qf4 Qf6 29. Qd6+ Qxd6+ 30. Nxd6 d4 31. b5 Na5 32. cxd4 Bd7 33. Bf5 Ke7 34. Bxd7 Kxd6 35. Be8 Ke7 36. b6 a6 37. Ba4 Nc4 38. Bc6 Nxb6 39. Bxb7 a5 40. Be4 a4 41. Bc2 a3 42. Bb3 Na4 43. Kg3 Nc3 44. Kf4 a2 45. Bxa2 Nxa2 46. Ke5 Nb4 47. f4 Nc6+ 48. Kd5 Kd7 49. g4 Ne7+ 50. Ke4 Kd6 51. h4 Nd5 52. h5 Nf6+ 53. Kf5 Ke7 54. g5 Nxh5 55. g6 Ng3+ 56. Kg4 Ne2 57. d5 f6 0-1

[Event "SLO-chT 25th"]
[Site "Otocec"]
[Date "2015.11.06"]
[Round "4.19"]
[White "Zorko, Jure"]
[Black "Gostisa, Leon F"]
[Result "1-0"]
[WhiteElo "2449"]
[BlackElo "2396"]
[PlyCount "76"]
[EventDate "2015.10.16"]
[EventType "team-tourn"]
[EventRounds "9"]
[EventCountry "SLO"]
[SourceTitle "EXT 2020"]
[Source "ChessBase"]
[SourceDate "2019.10.17"]
[SourceVersion "1"]
[SourceVersionDate "2019.10.17"]
[SourceQuality "1"]
[WhiteTeam "Novo Mesto Krka"]
[BlackTeam "Vrhnika"]
[WhiteTeamCountry "SLO"]
[BlackTeamCountry "SLO"]

1. d4 Nf6 2. c4 e6 3. g3 Bb4+ 4. Bd2 c5 5. Bxb4 cxb4 6. Bg2 0-0 7. e4 d6 8. Ne2 Qc7 9. Nd2 e5 10. Rc1 b6 11. Nf1 Re8 12. Ne3 exd4 13. Nxd4 Nxe4 14. Nb5 Qe7 15. 0-0 Bb7 16. Nd5 Bxd5 17. Qxd5 Nd7 18. Bxe4 Qxe4 19. Nc7 Qxd5 20. cxd5 Nc5 21. Nxe8 Rxe8 22. Rfe1 Rf8 23. Rf1 Re8 24. Rfe1 Rf8 25. Re7 a5 26. Rc7 g6 27. Re1 Nd3 28. Re2 Ne5 29. Kg2 Rb8 30. f4 Nd3 31. Ree7 Rf8 32. b3 Nc5 33. Rc6 a4 34. Rxd6 Rb8 35. bxa4 Nxa4 36. Rf6 Rf8 37. d6 Nc5 38. d7 Kg7 1-0

[Event "SLO-chT 25th"]
[Site "Otocec"]
[Date "2015.10.18"]
[Round "3.2"]
[White "Mikhalchishin, Adrian"]
[Black "Gostisa, Leon F"]
[Result "1/2-1/2"]
[WhiteElo "2506"]
[BlackElo "2396"]
[PlyCount "77"]
[EventDate "2015.10.16"]
[EventType "team-tourn"]
[EventRounds "9"]
[EventCountry "SLO"]
[SourceTitle "EXT 2020"]
[Source "ChessBase"]
[SourceDate "2019.10.17"]
[SourceVersion "1"]
[SourceVersionDate "2019.10.17"]
[SourceQuality "1"]
[WhiteTeam "Maribor ZSK"]
[BlackTeam "Vrhnika"]
[WhiteTeamCountry "SVK"]
[BlackTeamCountry "SLO"]

1. d4 Nf6 2. Nf3 e6 3. c4 b6 4. g3 Ba6 5. b3 Bb4+ 6. Bd2 Be7 7. Nc3 d5 8. cxd5 exd5 9. Bg2 0-0 10. 0-0 Re8 11. Ne5 Bb7 12. Bg5 Na6 13. e3 Ne4 14. Bxe7 Qxe7 15. Rc1 c5 16. Nb5 Nb4 17. f3 Nf6 18. Qd2 Ba6 19. a4 Bxb5 20. axb5 a6 21. Qe2 Reb8 22. bxa6 Rxa6 23. Ra1 Raa8 24. Rfc1 h6 25. Qd2 Qd6 26. Bf1 Rxa1 27. Rxa1 Nd7 28. Nd3 Nxd3 29. Qxd3 Qe6 30. Qc3 Rc8 31. Rc1 Nf6 32. Qd3 cxd4 33. Rxc8+ Qxc8 34. Qxd4 Qc5 35. Qd2 Qe7 36. Qd4 Qc5 37. Qd2 Qe7 38. Qd4 Qc5 39. Qd2 1/2-1/2

[Event "SLO-chT 25th"]
[Site "Otocec"]
[Date "2015.10.16"]
[Round "1.5"]
[White "Polajzer, Danilo"]
[Black "Gostisa, Leon F"]
[Result "0-1"]
[WhiteElo "2280"]
[BlackElo "2396"]
[PlyCount "79"]
[EventDate "2015.10.16"]
[EventType "team-tourn"]
[EventRounds "9"]
[EventCountry "SLO"]
[SourceTitle "EXT 2020"]
[Source "ChessBase"]
[SourceDate "2019.10.17"]
[SourceVersion "1"]
[SourceVersionDate "2019.10.17"]
[SourceQuality "1"]
[WhiteTeam "Ptuj"]
[BlackTeam "Vrhnika"]
[WhiteTeamCountry "SLO"]
[BlackTeamCountry "SLO"]

1. Nf3 Nf6 2. d4 e6 3. c4 b6 4. g3 Ba6 5. b3 b5 6. cxb5 Bxb5 7. Bg2 c5 8. 0-0 Bc6 9. Nc3 Be7 10. Bb2 0-0 11. Rc1 Na6 12. Ne5 Bxg2 13. Kxg2 Qb8 14. Na4 Qb7+ 15. Kg1 Rac8 16. dxc5 Nxc5 17. Nxc5 Bxc5 18. Qd2 d5 19. Qf4 Ne4 20. Nd3 Be7 21. Rxc8 Rxc8 22. Rc1 Bg5 23. Rxc8+ Qxc8 24. Qf3 Qc2 25. h4 Bf6 26. Bxf6 gxf6 27. Qg4+ Kf8 28. h5 f5 29. Qf3 Qxa2 30. b4 Qd2 31. Qf4 Qxf4 32. gxf4 Nc3 33. Kf1 Kg7 34. Ke1 Kh6 35. Kd2 Nb5 36. Ne5 f6 37. Nd7 Kxh5 38. f3 Kg6 39. Nc5 Kf7 40. Kc2 0-1

[Event "SLO-chT Central Superliga 16th"]
[Site "Slovenia"]
[Date "2015.10.08"]
[Round "3.1"]
[White "Krumpak, Hinko"]
[Black "Gostisa, Leon F"]
[Result "0-1"]
[WhiteElo "2137"]
[BlackElo "2396"]
[PlyCount "90"]
[EventDate "2015.09.10"]
[EventType "team-tourn"]
[EventRounds "9"]
[EventCountry "SLO"]
[SourceTitle "EXT 2022"]
[Source "ChessBase"]
[SourceDate "2021.10.06"]
[SourceVersion "1"]
[SourceVersionDate "2021.10.06"]
[SourceQuality "1"]
[WhiteTeam "Visnja Gora Sticna"]
[BlackTeam "Vrhnika"]
[WhiteTeamCountry "SLO"]
[BlackTeamCountry "SLO"]

1. Nf3 Nf6 2. g3 b6 3. Bg2 Bb7 4. 0-0 c5 5. c4 e6 6. Nc3 d6 7. d4 cxd4 8. Nxd4 Bxg2 9. Kxg2 a6 10. Qa4+ Nbd7 11. b3 Qc7 12. Bb2 Qb7+ 13. Qc6 Qxc6+ 14. Nxc6 Rc8 15. Nb4 Nb8 16. Nd3 Be7 17. f3 0-0 18. e4 Nc6 19. Rac1 Rfd8 20. Nf4 Nd7 21. Rfd1 Nc5 22. Nd3 Nd7 23. Nf4 Kf8 24. Ba3 Nc5 25. Bxc5 bxc5 26. Nfe2 Bf6 27. Rd3 Ke7 28. Rcd1 g6 29. f4 Bg7 30. g4 h6 31. h4 Bf6 32. g5 hxg5 33. hxg5 Bd4 34. Rh3 Rh8 35. Rdh1 Rxh3 36. Rxh3 Nb4 37. Rf3 Rd8 38. Rh3 Rf8 39. Kf3 Kd7 40. Rh7 Nc6 41. Kg4 Kc7 42. Na4 Nb4 43. Nec3 Nd3 44. f5 Kd7 45. f6 Be3 0-1

[Event "SLO-CupT"]
[Site "Novo Mesto"]
[Date "2015.03.28"]
[Round "3"]
[White "Coklin, Marko"]
[Black "Gostisa, Leon F"]
[Result "0-1"]
[WhiteElo "2200"]
[BlackElo "2394"]
[PlyCount "134"]
[EventDate "2015.03.27"]
[EventType "team-swiss"]
[EventRounds "5"]
[EventCountry "SLO"]
[SourceTitle "EXT 2019"]
[Source "ChessBase"]
[SourceDate "2018.10.10"]
[SourceVersion "1"]
[SourceVersionDate "2018.10.10"]
[SourceQuality "1"]
[WhiteTeam "Radenska Pomgrad"]
[BlackTeam "Vrhnika"]
[WhiteTeamCountry "SLO"]
[BlackTeamCountry "SLO"]

1. Nf3 Nf6 2. c4 e6 3. Nc3 c5 4. g3 b6 5. Bg2 Bb7 6. 0-0 d6 7. d4 cxd4 8. Qxd4 a6 9. b3 Nbd7 10. Ba3 Qc7 11. Rfd1 Nc5 12. Rac1 Be7 13. b4 Ncd7 14. Nd2 Bxg2 15. Kxg2 0-0 16. Nde4 Ne8 17. f3 f5 18. Nd2 Ne5 19. Na4 Rb8 20. c5 bxc5 21. bxc5 d5 22. Nb6 Nf6 23. Qa4 Qc6 24. Qd4 Ned7 25. Nxd7 Nxd7 26. Nb3 Bf6 27. Qf4 Ne5 28. Rc2 Nc4 29. Rxc4 dxc4 30. Qxc4 Rfe8 31. Rc1 Rb5 32. Rc2 Rd8 33. Bc1 Rbb8 34. Be3 Kf7 35. Bf4 Rbc8 36. Be3 Be5 37. Nc1 Qb5 38. Nd3 Bc7 39. Qc3 Qa4 40. Bf4 Bxf4 41. gxf4 Kg8 42. Rb2 Qd4 43. Qxd4 Rxd4 44. Rc2 Kf8 45. Kf2 Ke7 46. Ke3 Rd5 47. Rb2 Rxd3+ 48. Kxd3 Rxc5 49. Ke3 Ra5 50. Rd2 Ra4 51. Rb2 Kf6 52. Rc2 h6 53. Rb2 Kg6 54. Rc2 Kf6 55. Rb2 g5 56. fxg5+ hxg5 57. Kf2 Ke5 58. Rd2 Rb4 59. Rd3 Ra4 60. Rd2 Rd4 61. Rxd4 Kxd4 62. e3+ Kd3 63. h3 e5 64. f4 gxf4 65. exf4 e4 66. h4 Kd2 67. h5 e3+ 0-1

[Event "SLO-chT 24th"]
[Site "Slovenia"]
[Date "2014.12.13"]
[Round "8.5"]
[White "Brumen, Dinko"]
[Black "Gostisa, Leon F"]
[Result "1-0"]
[WhiteElo "2359"]
[BlackElo "2400"]
[PlyCount "109"]
[EventDate "2014.11.14"]
[EventType "team-tourn"]
[EventRounds "9"]
[EventCountry "SLO"]
[SourceTitle "EXT 2016"]
[Source "ChessBase"]
[SourceDate "2015.10.08"]
[SourceVersion "1"]
[SourceVersionDate "2015.10.08"]
[SourceQuality "1"]
[WhiteTeam "Krsko Triglav"]
[BlackTeam "Vrhnika"]
[WhiteTeamCountry "SLO"]
[BlackTeamCountry "SLO"]

1. d4 Nf6 2. Bg5 Ne4 3. Bf4 d5 4. e3 c5 5. f3 Qa5+ 6. c3 Nf6 7. Nd2 cxd4 8. Nb3 Qb6 9. Qxd4 Nbd7 10. Qxb6 Nxb6 11. a4 Bd7 12. Nc5 Bc6 13. a5 Nbd7 14. Nd3 Bb5 15. Nh3 e6 16. Nhf2 a6 17. Ne5 Bxf1 18. Kxf1 Nxe5 19. Bxe5 Nd7 20. Bg3 Bc5 21. e4 Nf6 22. exd5 Nxd5 23. Ne4 Rc8 24. Ke2 f5 25. Nxc5 Rxc5 26. Kd3 Kf7 27. c4 Ne7 28. b4 Rcc8 29. Rhd1 f4 30. Bf2 Rhd8+ 31. Kc3 Nd5+ 32. Kb3 Ne3 33. Bxe3 fxe3 34. Kc3 e5 35. Rd3 Rxd3+ 36. Kxd3 Rd8+ 37. Kxe3 Rd4 38. Rc1 Ke6 39. g3 g5 40. b5 Kd6 41. c5+ Kc7 42. c6 axb5 43. cxb7+ Kxb7 44. Rc5 Ka6 45. Rxe5 Rd1 46. Rxg5 b4 47. Rg8 Ka7 48. Rg4 Rb1 49. Kd3 Rb3+ 50. Kc4 Rxf3 51. Kxb4 Rf7 52. Rg5 Rb7+ 53. Kc4 Ka6 54. Kd4 Re7 55. Rg8 1-0